000 00796cam a2200193 4500
001 WB3707-19
008 000000n2001 000 0 eng u
035 _a(Sirsi) u110952
245 _aRural IT boost
260 _c2001
490 _aCabinet Office News Release
_v(038/01) 13 February 2001
490 _aCountryside Agency Press Release
_v(2001/7) 13 February 2001, (5)
520 _aThe government has announced a £30m plan to boost IT in rural areas in order to match IT levels in urban areas. The report, "UK online: the broadband future" outlines an action plan to keep the UK at the forefront of e-commerce and the internet revolution.
590 _aWB
650 _aBROADBAND TECHNOLOGY
650 _aRURAL DEVELOPMENT
690 _aINFORMATION TECHNOLOGY-INTERNET
942 _n0
999 _c66132
_d66132